Guess the singer - L - Statistics

General Stats
  • This quiz has been taken 119 times
  • The average score is 12 of 30
Answer Stats
Hint Answer % Correct
Bad Romance Lady Gaga
88%
Royals Lorde
73%
Old Town Road Lil Nas X
71%
Numb Linkin Park
67%
Sweet Home Alabama Lynyrd Skynyrd
65%
Bleeding Love Leona Lewis
61%
What a Wonderful World Louis Armstrong
61%
Video Games Lana Del Ray
59%
Sexy and I Know It LMFAO
59%
Someone You Loved Lewis Capaldi
55%
Stairway to Heaven Led Zeppelin
47%
Ho Hey The Lumineers
46%
Lollipop Lil Wayne
44%
All Night Long Lionel Richie
42%
American Woman Lenny Kravitz
34%
Truth Hurts Lizzo
34%
1-800-273-8255 Logic
33%
Walk On the Wild Side Lou Reed
32%
Need You Now Lady A
31%
Strip That Down Liam Payne
31%
Black Magic Little Mix
30%
Mama Said Knock You Out LL Cool J
28%
Get Low Lil Jon
23%
Roll Out Ludacris
18%
Back to You Louis Tomlinson
16%
Working For the Weekend Loverboy
15%
Ex-Factor Lauryn Hill
14%
Not Fair Lily Allen
13%
When It Rains It Pours Luke Combs
9%
Play It Again Luke Bryan
7%
No matching quizzes found
Score Distribution
Percent of People with Each Score
Percentile by Number Answered
Your Score History
You have not taken this quiz